Sudden Death: Halsey Songs - Statistics

General Stats
  • This quiz has been taken 63 times
  • The average score is 16 of 26
Answers on the Grid
Answers color-coded by a green-red scale on the quiz's grid according to % correct below.
100
1121
13
3am
418
929
After Midnight
all american b___h
Alone
ballad of a homeschooled girl
Bells In Santa Fe
Better Than Revenge
California
Castle
Casual
Change
clementine
Colors
Darling
Dog Days Are Over
Dog Years
Easier Than Lying
Eyes Closed
Femininomenon
Finally//beautiful stranger
get him back
Ghost
guess (ft. billie eilish)
Hello
Honey
Hurricane
I am not a woman, I'm a god
I Can See You
I Don't Wanna Live Forever
I HATE EVERYBODY
Is It Over Now?
lacy
Letter To God (1974)
Letter To God (2011)
Lilith
Mastermind
Mine
Monologue Song
Naked In Manhattan
New Americana
New Romantics
Nothing's New
Please Please Please
Red Wine Supernova
Starlight
Strange Love
Strangers (ft. Lauren Jauregui)
Sue Me
Sweet Nothing
Taste
The Lighthouse
The Prologue
The Way I Loved You
Thumbs
Walls Could Talk
Welcome To New York
White Horse
WILDFLOWER
Would've, Could've, Should've
 
Answer Stats
Answer % Correct
Colors
73%
New Americana
73%
I am not a woman, I'm a god
67%
Letter To God (1974)
67%
3am
64%
Castle
64%
Finally//beautiful stranger
64%
Strangers (ft. Lauren Jauregui)
64%
Walls Could Talk
64%
Easier Than Lying
62%
Ghost
62%
Honey
62%
Lilith
60%
Alone
58%
Bells In Santa Fe
58%
clementine
58%
Darling
58%
Strange Love
58%
The Prologue
56%
929
53%
Eyes Closed
53%
Hurricane
53%
1121
51%
Dog Years
51%
The Lighthouse
51%
I HATE EVERYBODY
47%
No matching quizzes found
Score Distribution
Percent of People with Each Score
Percentile by Number Answered
Your Score History
You have not taken this quiz